[Event "28th WSCC2018 - Open 50+"]
[Site "Bled"]
[Date "2018.11.22"]
[Round "5.26"]
[White "Malinovsky, Petr"]
[Black "Grant, Jonathan I M"]
[Result "0-1"]
[WhiteElo "2048"]
[BlackElo "2192"]
[PlyCount "56"]
[EventDate "2018.11.18"]

1. d4 Nf6 2. c4 e6 3. Nc3 Bb4 4. e3 c5 5. Nge2 d5 6. a3 Ba5 7. dxc5 dxc4 8.
Qxd8+ Kxd8 9. Bd2 Nc6 10. Rd1 Ke7 11. Nc1 Ne5 12. h3 Rd8 13. f4 Bxc3 14. Bxc3
Rxd1+ 15. Kxd1 Ned7 16. Bxc4 Ne4 17. Kc2 Nxc3 18. Kxc3 Nxc5 19. Nd3 Ne4+ 20.
Kd4 Nd6 21. Rc1 Nf5+ 22. Ke4 b5 23. Bxb5 Nd6+ 24. Kf3 Nxb5 25. a4 Bb7+ 26. e4
Nd6 27. Nc5 Rc8 28. Rc3 Nxe4 0-1

[Event "28th WSCC2018 - Open 50+"]
[Site "Bled"]
[Date "2018.11.22"]
[Round "5.27"]
[White "Kranzl, Peter"]
[Black "Peter, Steven"]
[Result "1/2-1/2"]
[WhiteElo "2163"]
[BlackElo "2040"]
[PlyCount "32"]
[EventDate "2018.11.18"]

1. Nf3 d5 2. g3 Nc6 3. d4 Bf5 4. Nh4 Be6 5. Bg2 Nf6 6. O-O Qd7 7. Re1 h6 8. c3
Ne4 9. Nd2 g5 10. Nhf3 f5 11. e3 Bg7 12. Bf1 Bf7 13. c4 e6 14. cxd5 exd5 15.
Qa4 Ne7 16. Qxd7+ Kxd7 1/2-1/2

[Event "28th WSCC2018 - Open 50+"]
[Site "Bled"]
[Date "2018.11.22"]
[Round "5.29"]
[White "Baimurzin, Aitkazy"]
[Black "Giulian, Rosemary A"]
[Result "1-0"]
[WhiteElo "2154"]
[BlackElo "1886"]
[PlyCount "83"]
[EventDate "2018.11.18"]

1. e4 e6 2. c4 d5 3. e5 d4 4. Nf3 c5 5. d3 Nc6 6. g3 Nge7 7. Bg2 Ng6 8. Qe2 Qc7
9. Bf4 Nxf4 10. gxf4 f5 11. h4 Rb8 12. Nbd2 h6 13. h5 Be7 14. a3 b5 15. O-O a5
16. cxb5 Rxb5 17. Nc4 O-O 18. Kh2 Ba6 19. Nfd2 Bd8 20. Rg1 Rb8 21. Qf3 Na7 22.
Qg3 Qe7 23. Kh3 Bxc4 24. Nxc4 Rb3 25. Rad1 Nc8 26. Rd2 Nb6 27. Nxa5 Rb5 28. Nb7
Rb3 29. Na5 Rb5 30. Nc6 Qf7 31. Bf3 Na4 32. b4 cxb4 33. Nxd4 Rb6 34. axb4 Kh8
35. Rc2 Re8 36. Rc8 Nb2 37. Nc6 Rxc6 38. Rxc6 Re7 39. Qg6 Qxg6 40. hxg6 Nxd3
41. Rd6 Nxf4+ 42. Kg3 1-0

[Event "28th WSCC2018 - Open 50+"]
[Site "Bled"]
[Date "2018.11.22"]
[Round "5.30"]
[White "Davis, Lee"]
[Black "Gayson, Peter M"]
[Result "1/2-1/2"]
[WhiteElo "1948"]
[BlackElo "2141"]
[PlyCount "43"]
[EventDate "2018.11.18"]

1. d4 d5 2. g3 Nf6 3. Bg2 e6 4. Nf3 Be7 5. O-O O-O 6. c4 c5 7. cxd5 exd5 8. Nc3
Nc6 9. Bg5 cxd4 10. Nxd4 h6 11. Bf4 a6 12. Rc1 Be6 13. Na4 Nxd4 14. Qxd4 Rc8
15. Rxc8 Bxc8 16. Rc1 b5 17. Nb6 Be6 18. Bc7 Qe8 19. Bxd5 Nxd5 20. Nxd5 Bg5 21.
Bf4 Bxd5 22. Bxg5 1/2-1/2

[Event "28th WSCC2018 - Open 50+"]
[Site "Bled"]
[Date "2018.11.22"]
[Round "5.31"]
[White "Cmiel, Thorsten"]
[Black "Ruiz Bellon, Manuel"]
[Result "0-1"]
[WhiteElo "2122"]
[BlackElo "1934"]
[PlyCount "46"]
[EventDate "2018.11.18"]

1. d4 Nf6 2. Bg5 e6 3. e4 c5 4. d5 h6 5. Bxf6 Qxf6 6. Nc3 d6 7. Bb5+ Nd7 8.
dxe6 fxe6 9. Nf3 a6 10. e5 Qf4 11. g3 Qb4 12. Bd3 Qxb2 13. Bg6+ Kd8 14. O-O
Qxc3 15. exd6 Ne5 16. Be4 Nxf3+ 17. Bxf3 Rb8 18. Rb1 b5 19. Rb3 Qf6 20. Re1 Bd7
21. Bg2 Rb6 22. Rd3 c4 23. Rd4 e5 0-1

[Event "28th WSCC2018 - Open 50+"]
[Site "Bled"]
[Date "2018.11.22"]
[Round "5.32"]
[White "Lochte, Thomas"]
[Black "Buciu, Aurel-John"]
[Result "1-0"]
[WhiteElo "2105"]
[BlackElo "1687"]
[PlyCount "53"]
[EventDate "2018.11.18"]

1. e4 e6 2. d4 b6 3. Bd3 Bb7 4. Qe2 d6 5. f4 Nd7 6. Nf3 Ne7 7. O-O g6 8. f5 Bg7
9. fxe6 fxe6 10. Ng5 Bxd4+ 11. Kh1 Bf6 12. Nxe6 Qc8 13. Nc3 Bxc3 14. bxc3 Ne5
15. Bc4 Nxc4 16. Qxc4 Ba6 17. Qa4+ c6 18. Ng7+ Kd7 19. Rf7 Qg8 20. Qxa6 Qxf7
21. Qb7+ Kd8 22. Qxa8+ Nc8 23. Bh6 Qc4 24. Qb7 Qxe4 25. Bg5+ Ne7 26. Bxe7+ Qxe7
27. Qb8+ 1-0

[Event "28th WSCC2018 - Open 50+"]
[Site "Bled"]
[Date "2018.11.22"]
[Round "5.33"]
[White "Lopez De Turiso, Jose Angel"]
[Black "Belmont Hernandez, Andres"]
[Result "1-0"]
[WhiteElo "1934"]
[BlackElo "2080"]
[PlyCount "53"]
[EventDate "2018.11.18"]

1. d4 Nf6 2. c4 e6 3. Nc3 d5 4. cxd5 exd5 5. Bg5 Be7 6. e3 Nbd7 7. Bd3 h6 8.
Bh4 O-O 9. Qc2 a6 10. Nge2 c5 11. dxc5 Nxc5 12. Bf5 b6 13. Rd1 Be6 14. O-O Rc8
15. Qb1 Qd7 16. Nd4 b5 17. Bxf6 Bxf6 18. Nxe6 fxe6 19. Nxd5 Qf7 20. Bh7+ Kh8
21. Nf4 Bg5 22. Ng6+ Kxh7 23. Nxf8+ Kg8 24. Ng6 Na4 25. Ne5 Qb7 26. Rd7 Qb8 27.
Rxg7+ 1-0

[Event "28th WSCC2018 - Open 50+"]
[Site "Bled"]
[Date "2018.11.22"]
[Round "5.34"]
[White "Neubauer, Anton"]
[Black "Koehler, Gerhard"]
[Result "0-1"]
[WhiteElo "1913"]
[BlackElo "2197"]
[PlyCount "88"]
[EventDate "2018.11.18"]

1. e4 c5 2. Nf3 e6 3. c3 Nf6 4. e5 Nd5 5. Bc4 d6 6. d4 cxd4 7. cxd4 Nc6 8. O-O
dxe5 9. dxe5 Be7 10. a3 O-O 11. Re1 Re8 12. Qe2 b6 13. Nbd2 Na5 14. Ba2 Bb7 15.
Ne4 Qd7 16. Nfg5 h6 17. Nf3 b5 18. b4 Nc4 19. Bxc4 bxc4 20. Be3 Nxe3 21. Qxe3
Bd5 22. Nc3 Bf8 23. Rad1 a5 24. b5 a4 25. Nd2 Qb7 26. f3 Rec8 27. Nde4 Bxe4 28.
Nxe4 Qxb5 29. Rb1 Qa5 30. Nd6 Rc6 31. Qe4 Qc5+ 32. Kf1 Bxd6 33. exd6 Qxd6 34.
Red1 Qc7 35. Rb4 Rc8 36. Rxa4 c3 37. Rc1 Qxh2 38. Kf2 Qd6 39. Rc2 Qc5+ 40. Kg3
Qg5+ 41. Kf2 Qc5+ 42. Kg3 Rd6 43. f4 Rcd8 44. Rc4 Rd3+ 0-1

[Event "28th WSCC2018 - Open 50+"]
[Site "Bled"]
[Date "2018.11.22"]
[Round "5.35"]
[White "Muniraju, Narayanappa"]
[Black "Schmuki, Roman"]
[Result "0-1"]
[WhiteElo "1259"]
[BlackElo "2011"]
[PlyCount "104"]
[EventDate "2018.11.18"]

1. d4 Nf6 2. c4 e6 3. Nf3 d5 4. e3 Be7 5. Bd3 O-O 6. O-O b6 7. Nc3 Bb7 8. Nd2
c5 9. Ne2 Nc6 10. a3 cxd4 11. exd4 Rc8 12. Nf3 dxc4 13. Bb1 Na5 14. Nd2 Bd6 15.
h3 Bb8 16. f3 b5 17. Ne4 Nxe4 18. Bxe4 Nc6 19. Be3 f5 20. Bc2 Qf6 21. Qd2 h6
22. Rad1 Rfd8 23. Qc3 Ne7 24. Nf4 g5 25. Ne2 Nd5 26. Qd2 a5 27. Bf2 b4 28. axb4
axb4 29. Rfe1 Bd6 30. Ra1 Ra8 31. Qc1 b3 32. Bd1 Rxa1 33. Qxa1 Bb4 34. Nc3 Ra8
35. Qc1 Kf7 36. Be2 Rc8 37. Qa1 Ra8 38. Qc1 Ba6 39. Qa1 Qd8 40. Qc1 Qc7 41. h4
Rg8 42. Bf1 Bb7 43. Re5 Nxc3 44. bxc3 Bd6 45. Re2 Bd5 46. Qe1 g4 47. fxg4 Rxg4
48. Be3 f4 49. Rf2 Kg7 50. Bc1 f3 51. Rxf3 Bxf3 52. Qe3 Rg3 0-1

[Event "28th WSCC2018 - Open 50+"]
[Site "Bled"]
[Date "2018.11.22"]
[Round "5.36"]
[White "Theuer, Carsten"]
[Black "Gilbert, Michael A"]
[Result "1/2-1/2"]
[WhiteElo "1989"]
[BlackElo "1921"]
[PlyCount "76"]
[EventDate "2018.11.18"]

1. e4 e6 2. d4 d5 3. Nd2 Nf6 4. e5 Nfd7 5. f4 c5 6. Ngf3 Nc6 7. c3 Qb6 8. a3
Be7 9. Rb1 cxd4 10. Nxd4 Nxd4 11. cxd4 Bxa3 12. Nf3 Bb4+ 13. Bd2 Nb8 14. Bd3
Bd7 15. Bc3 Bb5 16. O-O Nc6 17. Kh1 Bxd3 18. Qxd3 Be7 19. f5 exf5 20. Qxf5 Nd8
21. Rbe1 Qg6 22. Qf4 Ne6 23. Qd2 O-O 24. g3 Rfc8 25. Qe2 Rc4 26. Nd2 Nxd4 27.
Qg2 Nc2 28. Nxc4 Nxe1 29. Rxe1 dxc4 30. Qxb7 Re8 31. Qd7 Kf8 32. e6 f6 33. Qxa7
Qd3 34. Qb7 Rd8 35. Kg2 Qd5+ 36. Qxd5 Rxd5 37. Re4 Rc5 38. Kf3 g5 1/2-1/2

[Event "28th WSCC2018 - Open 50+"]
[Site "Bled"]
[Date "2018.11.22"]
[Round "5.37"]
[White "Bulgarini Torre, Marco"]
[Black "Spiess, Thomas"]
[Result "1/2-1/2"]
[WhiteElo "1863"]
[BlackElo "1975"]
[PlyCount "106"]
[EventDate "2018.11.18"]

1. e4 c5 2. Nc3 Nc6 3. g3 e6 4. Bg2 Nf6 5. Nge2 Be7 6. O-O O-O 7. h3 Qc7 8. d3
a6 9. Be3 d6 10. f4 d5 11. exd5 exd5 12. d4 b6 13. g4 cxd4 14. Nxd4 Nxd4 15.
Bxd4 Bb7 16. Qd3 Rad8 17. Kh1 Ne4 18. Ne2 Bd6 19. c3 f5 20. g5 Rfe8 21. Rae1
Re7 22. Be3 Rde8 23. Bc1 Bc5 24. Bxe4 dxe4 25. Qc4+ Kh8 26. Nd4 Bxd4 27. Qxd4
e3+ 28. Kh2 Qc6 29. Re2 Rd7 30. Qb4 Rde7 31. b3 a5 32. Qa3 Qc7 33. c4 Re4 34.
Rxe3 Rxe3 35. Bxe3 Qc6 36. Rf2 Qh1+ 37. Kg3 Qe1 38. Bxb6 Qc3+ 39. Kh4 h6 40.
gxh6 Qf6+ 41. Kg3 Qg6+ 42. Kh2 Qxb6 43. hxg7+ Kxg7 44. c5 Qc6 45. Qb2+ Kh7 46.
Qb1 Qxc5 47. Rd2 Re7 48. Qd1 Kg7 49. Qh5 Qc6 50. Qg5+ Kf7 51. Qxf5+ Qf6 52.
Qh7+ Qg7 53. Qf5+ Qf6 1/2-1/2

[Event "28th WSCC2018 - Open 50+"]
[Site "Bled"]
[Date "2018.11.22"]
[Round "5.38"]
[White "Hoffmann, Michael"]
[Black "Ring, Rudolf"]
[Result "1/2-1/2"]
[WhiteElo "1970"]
[BlackElo "1745"]
[PlyCount "36"]
[EventDate "2018.11.18"]

1. Nf3 Nf6 2. e3 d5 3. d4 e6 4. Bd3 Bd6 5. O-O O-O 6. Nbd2 b6 7. e4 dxe4 8.
Nxe4 Be7 9. Nxf6+ Bxf6 10. Be4 c6 11. Bf4 Bb7 12. Ne5 Bg5 13. Qh5 h6 14. Bxg5
Qxg5 15. Qf3 Qd8 16. Rad1 Qc7 17. Qc3 Rc8 18. Rfe1 Nd7 1/2-1/2

[Event "28th WSCC2018 - Open 50+"]
[Site "Bled"]
[Date "2018.11.22"]
[Round "5.41"]
[White "Melkevik, Johannes"]
[Black "Metge, J. Nigel"]
[Result "1/2-1/2"]
[WhiteElo "1865"]
[BlackElo "2130"]
[PlyCount "36"]
[EventDate "2018.11.18"]

1. d4 Nf6 2. Bf4 g6 3. Nc3 Bg7 4. e4 d6 5. Qd2 c6 6. Nf3 Bg4 7. Be2 Qb6 8.
O-O-O Na6 9. h3 Bxf3 10. Bxf3 O-O-O 11. e5 dxe5 12. Bxe5 Ne4 13. Bxe4 Bxe5 14.
Ne2 f5 15. f4 Bf6 16. Bf3 Nb4 17. c3 Nd5 18. Kb1 a5 1/2-1/2

[Event "28th WSCC2018 - Open 50+"]
[Site "Bled"]
[Date "2018.11.22"]
[Round "5.42"]
[White "Serafim Junior, Arnor"]
[Black "Lopez Pereyra, Antonio"]
[Result "1/2-1/2"]
[WhiteElo "1845"]
[BlackElo "2066"]
[PlyCount "111"]
[EventDate "2018.11.18"]

1. Nf3 d6 2. g3 f5 3. d3 Nc6 4. Bg2 g6 5. c4 Bg7 6. Nc3 Nf6 7. O-O O-O 8. Rb1
a5 9. a3 Nh5 10. Nd5 e5 11. Bg5 Qd7 12. Bd2 h6 13. e3 Qf7 14. b4 axb4 15. axb4
Be6 16. b5 Nd8 17. Ne1 Nf6 18. Nxf6+ Bxf6 19. Bc3 e4 20. Bxf6 Qxf6 21. Nc2 Kh7
22. Nd4 Bg8 23. Qc2 exd3 24. Qxd3 Ra4 25. Rfc1 Qe5 26. Rc3 Qc5 27. Rbc1 c6 28.
Nb3 Qe5 29. Qd4 Qe7 30. Qd1 Rb4 31. Na5 Qc7 32. Ra1 cxb5 33. Rd3 Nf7 34. cxb5
Rxb5 35. Nb3 Ne5 36. Nd4 Rb6 37. Rc1 Qe7 38. Rdc3 Rd8 39. Qa4 Rd7 40. Qa8 Ra6
41. Qb8 Qg7 42. Rc7 Nc6 43. Rxd7 Qxd7 44. Nxc6 bxc6 45. Rb1 Kh8 46. Qf8 Qg7 47.
Qxd6 Ra1 48. Qd1 Rxb1 49. Qxb1 c5 50. e4 Qe5 51. exf5 gxf5 52. Bh3 Be6 53. Qc1
Kh7 54. Bf1 Qd4 55. Qe3 Qxe3 56. fxe3 {(70)} 1/2-1/2

[Event "28th WSCC2018 - Open 50+"]
[Site "Bled"]
[Date "2018.11.22"]
[Round "5.43"]
[White "Horackova, Isabela"]
[Black "Kainz, Josef"]
[Result "0-1"]
[WhiteElo "1125"]
[BlackElo "1907"]
[PlyCount "70"]
[EventDate "2018.11.18"]

1. d4 Nf6 2. Nf3 g6 3. Bf4 Bg7 4. e3 d6 5. Bd3 Nh5 6. c3 Nxf4 7. exf4 O-O 8.
O-O Bg4 9. Nbd2 c5 10. h3 Bd7 11. Re1 e6 12. Qb3 Nc6 13. Nc4 d5 14. Nd6 c4 15.
Bxc4 Na5 16. Qb4 Nxc4 17. Nxb7 Qc7 18. b3 Rab8 19. bxc4 Rxb7 20. Qe7 Qxc4 21.
Rec1 Re8 22. Qh4 Reb8 23. Ng5 h6 24. Nf3 Rb2 25. Qe7 Qe2 26. Rf1 R8b7 27. Qd8+
Kh7 28. Rae1 Qd3 29. Qe7 Qf5 30. Qh4 Bf6 31. Ng5+ Kg7 32. Re3 hxg5 33. fxg5
Bxg5 34. Qg3 Bxe3 35. fxe3 Rb1 {(45)} 0-1

[Event "28th WSCC2018 - Open 50+"]
[Site "Bled"]
[Date "2018.11.22"]
[Round "5.44"]
[White "Zillner, Wilhelm"]
[Black "Cesar, Geovanny"]
[Result "1-0"]
[WhiteElo "1902"]
[BlackElo "1862"]
[PlyCount "135"]
[EventDate "2018.11.18"]

1. e4 c5 2. Nf3 Nc6 3. d4 cxd4 4. Nxd4 e5 5. Nb5 d6 6. N1c3 a6 7. Na3 Be6 8.
Nc4 Nf6 9. Bg5 h6 10. Bxf6 Qxf6 11. Nxd6+ Bxd6 12. Qxd6 Rd8 13. Qc5 Qg5 14. Nd5
f5 15. h4 Qg4 16. Nc7+ Kf7 17. exf5 Bxf5 18. Nd5 Qe4+ 19. Ne3 Nd4 20. Bd3 Qf4
21. Nxf5 Nxf5 22. Qc7+ Kf6 23. Qxb7 e4 24. Bc4 Nd6 25. Qd5 Rhe8 26. Qd4+ Kg6
27. Be2 Nf5 28. h5+ Kh7 29. Qc3 e3 30. O-O Nd4 31. Qd3+ Nf5 32. Qc3 Qg5 33.
fxe3 Nxe3 34. Rf2 Kh8 35. Bf3 Nf5 36. Re1 Ng3 37. Rxe8+ Rxe8 38. Qd3 Qh4 39.
Re2 Nxe2+ 40. Bxe2 Qe1+ 41. Bf1 Rf8 42. Qe2 Qb4 43. b3 Qc5+ 44. Kh1 a5 45. Qc4
Qxh5+ 46. Kg1 Qd1 47. Qe2 Qd4+ 48. Kh1 Qa1 49. Kg1 Qxa2 50. Qe7 Rc8 51. Bd3
Qa1+ 52. Kh2 Qf6 53. Qe4 Kg8 54. Qd5+ Kf8 55. Qxa5 Qd6+ 56. Kh1 Rc5 57. Qa8+
Ke7 58. Qb7+ Rc7 59. Qe4+ Kf8 60. Qa8+ Kf7 61. Qf3+ Qf6 62. Qd5+ Ke7 63. Qe4+
Qe6 64. Qb4+ Kd8 65. Qf8+ Qe8 66. Qd6+ Rd7 67. Qb8+ Ke7 68. Qxe8+ 1-0

[Event "28th WSCC2018 - Open 50+"]
[Site "Bled"]
[Date "2018.11.22"]
[Round "5.48"]
[White "De Winter, Gerard"]
[Black "Vieira, Alexandre Letizio"]
[Result "1/2-1/2"]
[WhiteElo "1663"]
[BlackElo "1810"]
[PlyCount "45"]
[EventDate "2018.11.18"]

1. d4 Nf6 2. Nf3 g6 3. g3 Bg7 4. Bg2 O-O 5. c4 d6 6. O-O Nbd7 7. Nc3 e5 8. dxe5
dxe5 9. Ng5 c6 10. Nge4 h6 11. b3 Nxe4 12. Nxe4 f5 13. Nd6 e4 14. Rb1 Be5 15.
Nxc8 Rxc8 16. Bxh6 Rf7 17. Bc1 Qc7 18. Bb2 Rd8 19. Bxe5 Nxe5 20. Qc2 Rfd7 21.
Rfd1 c5 22. f4 Nc6 23. Rxd7 1/2-1/2

[Event "28th WSCC2018 - Open 50+"]
[Site "Bled"]
[Date "2018.11.22"]
[Round "5.49"]
[White "Schneider, Waldemar"]
[Black "Warstad, Leif E"]
[Result "1-0"]
[WhiteElo "1738"]
[BlackElo "1544"]
[PlyCount "65"]
[EventDate "2018.11.18"]

1. d4 Nf6 2. c4 e6 3. Nf3 d5 4. e3 Be7 5. Nc3 Nbd7 6. cxd5 exd5 7. Bd3 O-O 8.
Qc2 c6 9. O-O h6 10. Re1 Re8 11. e4 dxe4 12. Nxe4 Nxe4 13. Bxe4 Nf6 14. Bf5
Bxf5 15. Qxf5 Qd7 16. Qxd7 Nxd7 17. Bf4 Nf6 18. h3 Nd5 19. Be3 Rad8 20. Rad1
Bb4 21. Re2 Re7 22. a3 Ba5 23. Kf1 Rde8 24. Ne5 Re6 25. Rc2 Bc7 26. Nc4 f6 27.
Bc1 Kf7 28. Ne3 Bf4 29. Nxd5 Bxc1 30. Nc7 Bf4 31. Nxe6 Rxe6 32. g3 Bb8 33. d5
1-0

[Event "28th WSCC2018 - Open 50+"]
[Site "Bled"]
[Date "2018.11.22"]
[Round "5.50"]
[White "Fainman, Avi"]
[Black "De Meester, Johan"]
[Result "0-1"]
[WhiteElo "1385"]
[BlackElo "1720"]
[PlyCount "32"]
[EventDate "2018.11.18"]

1. d4 d5 2. Bf4 Nf6 3. Nf3 e6 4. e3 Be7 5. Nbd2 Nh5 6. Be5 Nd7 7. c4 Nxe5 8.
Nxe5 Nf6 9. cxd5 exd5 10. Be2 O-O 11. O-O c6 12. Qc2 Re8 13. a4 g6 14. Nb3 Bd6
15. f4 Bf5 16. Nd3 Rxe3 0-1

[Event "28th WSCC2018 - Open 50+"]
[Site "Bled"]
[Date "2018.11.22"]
[Round "5.51"]
[White "Shashidhar, B Rai"]
[Black "Dabraccio, Guillermo"]
[Result "0-1"]
[WhiteElo "1332"]
[BlackElo "1686"]
[PlyCount "61"]
[EventDate "2018.11.18"]

1. e4 c5 2. Nf3 e6 3. d4 cxd4 4. Nxd4 a6 5. c4 Bb4+ 6. Bd2 Bxd2+ 7. Qxd2 Ne7 8.
Nc3 b6 9. Be2 Bb7 10. O-O O-O 11. f4 d6 12. f5 e5 13. Nf3 f6 14. Rad1 Nd7 15.
Qxd6 Nc5 16. Qxd8 Rfxd8 17. Nd2 Rd4 18. Bf3 Rad8 19. Nd5 Nc6 20. b3 b5 21. Nb1
bxc4 22. Rxd4 Nxd4 23. bxc4 Rf8 24. Nbc3 a5 25. Rb1 Ba6 26. Nb5 Rb8 27. Ndc7
Rb7 28. Nxa6 Nxa6 29. Kf1 Nc5 30. Nc3 Rxb1+ 31. Nxb1 {(48)} 0-1